Tiny AVR microcontroller projects for the evil genius / (Record no. 58886)

MARC details
000 -LEADER
fixed length control field 01174nam a22003017a 4500
005 - DATE AND TIME OF LATEST TRANSACTION
control field 20111201143610.0
008 - FIXED-LENGTH DATA ELEMENTS--GENERAL INFORMATION
fixed length control field 111201t xxu||||| |||| 00| 0 eng d
010 ## - LCCN (DPL NO)
LC control number ENG-104271
020 ## - INTERNATIONAL STANDARD BOOK NUMBER
International Standard Book Number 9781259002441
Terms of availability 450.00
020 ## - INTERNATIONAL STANDARD BOOK NUMBER
International Standard Book Number 1259002446
Terms of availability 450.00
035 ## - SYSTEM CONTROL NUMBER
System control number EN-87804
037 ## - SOURCE OF ACQUISITION
Source of stock number/acquisition DBAD/PUB
040 ## - CATALOGING SOURCE
Original cataloging agency DPL
Language of cataloging Eng
082 ## - DEWEY DECIMAL CLASSIFICATION NUMBER
Classification number 629.895416
100 ## - MAIN ENTRY--PERSONAL NAME
9 (RLIN) 36352
Personal name Gadre, V. Dhananjay
245 ## - TITLE STATEMENT
Title Tiny AVR microcontroller projects for the evil genius /
Statement of responsibility, etc by Dhananjay V. Gadre [and] Nehul Malhotra
260 ## - PUBLICATION, DISTRIBUTION, ETC. (IMPRINT)
Place of publication, distribution, etc New Delhi
Name of publisher, distributor, etc Tata McGraw Hill
Date of publication, distribution, etc 2011
270 ## - ADDRESS
Address 7 West Patel Nagar
City New Delhi
Postal code 110008
300 ## - PHYSICAL DESCRIPTION
Extent xvii,251p. :
Dimensions 28cm (pbk)
Other physical details ill.
490 ## - SERIES STATEMENT
Series statement Evil genius series
-- 36793
500 ## - GENERAL NOTE
General note Includes index
650 ## - SUBJECT ADDED ENTRY--TOPICAL TERM
9 (RLIN) 36353
Topical term or geographic name as entry element Electronic apparatus and appliances
General subdivision Design and construction
650 ## - SUBJECT ADDED ENTRY--TOPICAL TERM
Topical term or geographic name as entry element Programmable controllers
9 (RLIN) 36794
650 ## - SUBJECT ADDED ENTRY--TOPICAL TERM
Topical term or geographic name as entry element Atmel AVR microcontroller
9 (RLIN) 36795
700 ## - ADDED ENTRY--PERSONAL NAME
Personal name Malhotra, Nehul
9 (RLIN) 36394
942 ## - ADDED ENTRY ELEMENTS (KOHA)
Source of classification or shelving scheme Dewey Decimal Classification
Item type English Books
Call number suffix GAD
Classification part 629.895416
Holdings
Withdrawn status Lost status Source of classification or shelving scheme Damaged status Not for loan Collection code Home library Current library Date acquired Source of acquisition Cost, normal purchase price Total Checkouts Full call number Barcode Date last seen Copy number Cost, replacement price Koha item type
    Dewey Decimal Classification   Not For Loan Non-fiction D.B.Act.Division D.B.Act.Division 01/12/2011 DBAD/PUB 450.00   629.895416 GAD EN-87804 01/12/2011 1 450.00 English Books

© Delhi Public Library
Hit Counter
free hit counter